00789nam a2200253Ia 4500003000400000005001700004006001800021007000300039008004100042024001100083037001100094040001800105041001300123100002600136110007000162245012700232260000900359300001700368650001400385700003500399700007000434942001200504999001900516OSt20220930085444.0a|||||r|||| 00| 0ta220926b |||||||| |||| 00| 0 eng d a100586 cTheses aCRLcCRLbeng 2engaeng aOjha Himanshu9540319 aUniversity of Delhi. Faculty of Sciences. Department of Chemistry 0aDesign and biological evaluation of some 2, 4, 6 triazine antimalarials b a combined computational and experimental study c2008 a195ap.ccm. aCHEMISTRY a Prof. Rita Kakkar Gu.9536441 aUniversity of Delhi. Faculty of Sciences. Department of Chemistry cDIS2CC c878947d878947